Statistiques concernant Les pays européens par deux premières lettres

Cliquez ici pour prendre le quiz!

Statistiques générales

  • Ce quiz a été pris 82 185 fois
  • Le résultat moyen est 31 sur 45

Réponses sur la Carte

Les réponses sont colorées sur une échelle allant du rouge au vert en fonction du pourcentage des utilisateurs qui les ont devinées à leur premier essai. Vous pouvez retrouver ces pourcentages ci-dessous.
Chargement ...
 

Statistiques - réponses

Pays% Correct
France
98%
Espagne
96%
Estonie
96%
Portugal
94%
Pologne
94%
Albanie
93%
Allemagne
93%
Suisse
92%
Suède
92%
Italie
90%
Royaume-Uni
88%
Roumanie
88%
Irlande
87%
Biélorussie
85%
Norvège
83%
Belgique
82%
Finlande
80%
Islande
78%
Russie
77%
Liechtenstein
72%
Lituanie
72%
Pays-Bas
71%
Andorre
68%
Grèce
65%
Monaco
64%
Moldavie
64%
Monténégro
64%
Ukraine
64%
Danemark
64%
Lettonie
62%
Luxembourg
61%
Autriche
55%
Slovaquie
47%
Slovénie
47%
Macédoine
du Nord
46%
Malte
46%
République
tchèque
45%
Croatie
45%
Bulgarie
42%
Hongrie
42%
Vatican
42%
Serbie
38%
Saint-Marin
37%
Bosnie-
Herzégovine
33%
Kosovo
29%

Distribution des résultats

Percentile par nombre de réponses

% des personnes avec chaque résultat

Votre développement - résultats

Vous n’avez pas pris ce quiz